000 00669cab a2200193 4500
001 ABS41945
008 090401t1990 xxu||||| |||| 00| 0 eng d
035 _a(Sirsi) u33634
041 _aeng
100 _aWarner, B.
245 _aRailway arches
260 _c1990
350 _a0
490 _aBuilding Today
_v199(5838) 11 Janaury 1990, 12-14(3)
520 _aReports on the background to railway arch refurbishment in the light of British Rail s 10 year programme to restore some 8000 arches, half in London, the rest in Manchester, Liverpool, Glasgow, Leeds, Birmingham and Newcastle.
690 _aRefurbishment
_96264
942 _n0
948 _c04/03/1997
999 _c22434
_d22434